|
|
|
|
| LEADER |
00000cam a2200000 7i4500 |
| 001 |
0000004129 |
| 005 |
20180404.0 |
| 020 |
0 |
0 |
|a 967978925
|
| 090 |
0 |
0 |
|a 641.3
|b CJS 2006
|
| 100 |
1 |
0 |
|a Joo Shuan, Chia
|
| 245 |
1 |
0 |
|a You're what you eat :
|b your healthy lifestyle guide
|c Chia Joo Suan
|
| 260 |
0 |
0 |
|a Subang Jaya, Selangor :
|b Pelanduk Publications (M) Sdn. Bhd ,
|c 2006
|
| 300 |
|
|
|a xviii, 230 p. :
|b ill. ;
|c 21cm.
|
| 500 |
0 |
0 |
|a Includes index
|
| 650 |
0 |
0 |
|a Food--- analysis
|
| 650 |
0 |
0 |
|a Food contamination
|
| 650 |
0 |
0 |
|a Food---health aspects
|
| 998 |
|
|
|a JPSM
|
| 999 |
|
|
|a 007996
|b Monograph
|c Open Shelf
|e Default branch
|